20 Top Tourist Attractions in NYC - Statistics

General Stats
  • This quiz has been taken 385 times
  • The average score is 12 of 20
Answer Stats
One-Sentence Hint Tourist Attraction % Correct
Massive park located in the center of Manhattan Central Park
98%
A 305-foot tall gift from France. Statue of Liberty
98%
Iconic building that soars over a quarter mile above Manhattan. Empire State Building
95%
The oldest suspension bridge in the world. Brooklyn Bridge
90%
Iconic place to see live shows like Hamilton and Phantom of the Opera. Broadway
70%
World's most visited tourist attraction. Times Square
69%
Point of arrival for over 10 million immigrants. Ellis Island
68%
The tallest building in the Western Hemisphere. Freedom Tower
64%
Museum home to the largest gallery in America Metropolitan Museum of Art
64%
Terminal dubbed "world's loveliest station". Grand Central
62%
Memorial built to honor those who died in a terrorist attack. 911 Memorial
59%
Museum holds 150,000 pieces of modern art. MOMA
57%
One of the last remaining ferries in NYC, with great views of Lady Liberty. Staten Island Ferry
46%
Library a part of the third largest public library system on earth. New York Public Library
45%
Park built on a historic freight rail line elevated above Manhattan. High Line
44%
Complex of buildings named after one of America's wealthiest families. Rockefeller Center
43%
Park next to the New York Public Library. Bryant Park
38%
One of the most expensive shopping streets in the world. Fifth Avenue
37%
Gothic cathedral opened in 1878. St. Patrick's Cathedral
24%
Museum holds claim to being the best in NYC. Museum of Natural History
22%
No matching quizzes found
Score Distribution
Percent of People with Each Score
Percentile by Number Answered
Your Score History
You have not taken this quiz